|
|
|
|
| LEADER |
00880nam a2200289 4500 |
| 001 |
DLU050049121 |
| 040 |
# |
# |
|a DLU
|b vie
|
| 041 |
# |
# |
|a vie
|
| 044 |
# |
# |
|a vn
|
| 100 |
# |
# |
|a Trần Đình Khang, Đinh Khắc Dũng
|
| 245 |
# |
# |
|a Suy diễn với tập mờ loại hai dựa trên đại số gia tử/
|c Trần Đình Khang, Đinh Khắc Dũng
|
| 653 |
# |
# |
|a Đại số gia tử
|
| 653 |
# |
# |
|a Hệ lôgic mờ loại hai
|
| 653 |
# |
# |
|a Mờ hoá
|
| 653 |
# |
# |
|a Tập mờ loại hai
|
| 773 |
# |
# |
|t Tin học và điều khiển học
|g T.19Số 1, 2003, tr.28-43
|
| 920 |
# |
# |
|a Phòng Tạp chí -- Trung tâm Thông tin - Thư viện Trường Đại học Đà Lạt
|
| 933 |
# |
# |
|a CT, TN
|
| 994 |
# |
# |
|a DLU
|
| 900 |
# |
# |
|a True
|
| 911 |
# |
# |
|a Nguyễn Thị Yên
|
| 925 |
# |
# |
|a G
|
| 926 |
# |
# |
|a A
|
| 927 |
# |
# |
|a BB
|
| 980 |
# |
# |
|a Thư viện Trường Đại học Đà Lạt
|